000 01036am a2200349a 44500
003 AR-BaBNM
005 20251128210952.0
008 011101s1998 #AR|||||||||||000 | ing||
040 _cAR-BaBNM
100 1 _aSchmidt, Patricia Ruggiano
245 1 0 _aCultural conflict and struggle
_bliteracy learning in a kindergarten program
260 _aNew York
_bPeter Lang
_c1998
300 _a160 p.
_bil.
490 0 _aRethiking Childhood
_vv. 5
500 _aContiene índice alfabético
650 4 _aEDUCACION COMPARADA
650 4 _aPROGRAMAS DE EDUCACION
650 4 _aALFABETIZACION
650 4 _aMINORIAS LINGUISTICAS
650 4 _aINTEGRACION CULTURAL
650 4 _aINTEGRACION SOCIAL
650 4 _aPAPEL DE LA FAMILIA
650 4 _aPAPEL DE LA ESCUELA
651 4 _aEstados Unidos
653 _aEDUCACION INICIAL
653 _aLECTOESCRITURA
653 _aDIVERSIDAD SOCIOCULTURAL
653 _aEDUCACION EN LA DIVERSIDAD
653 _aESTRATEGIAS EDUCATIVAS
653 _aPROYECTOS DE AULA
942 _cCF
999 _c17687
_d17687